Divadlenie '98 - festival neprenosných inscenácií

Bibliographic Details
Main Author: Demín, Miroslav (Author)
Format: Article
Language:Slovak
PhysicalDescription:Obr.
ISSN:0323-2883
Subjects:

MARC

LEADER 00000nab a2200000 a 4500
001 vtls000663647
003 SK-MaSNL
005 20260303200348.0
008 140416c1998 xo 0 slo
015 |a SNBRB1998/06-17183 
035 |a CLN000015833 
040 |a SNKBUCL  |b slo  |c SNKBUCL  |e AACR2 
041 0 |a slo 
044 |a xo  |c SK 
080 |a 792.091.4  |2 1997 
100 1 |a Demín, Miroslav  |4 aut  |9 360284 
245 1 0 |a Divadlenie '98 - festival neprenosných inscenácií  |c Miroslav Demín 
300 |b Obr. 
611 2 7 |a Divadlenie  |n (2. :  |d 1998 :  |c Šaľa, Slovensko)  |2 snkbucl  |9 1230352 
655 7 |a články z novín a časopisov  |2 snkbucl  |9 267496 
773 0 |t Javisko  |g Roč. 30, č. 6 (1998), s. 35  |x 0323-2883 
850 |a Slovenská národná knižnica v Martine 
852 |a SNK  |b KIS3GCP 
958 |a SK 
992 |a RBX 
999 |c 2167828  |d 2169758